MARC

LEADER 00000nam0a2200000 4500
001 126754
005 20231031132009.0
035 |a (RuTPU)RU\TPU\book\137117 
090 |a 126754 
100 |a 20071203d1986 k y0rusy50 ca 
101 0 |a rus 
102 |a RU 
105 |a y z 001zy 
200 1 |a Метод вторичного квантования  |f Ф. А. Березин  |g под ред. М. К. Поливанова 
205 |a 2-е изд., доп. 
210 |a Москва  |c Наука  |d 1986 
215 |a 320 с. 
320 |a Библиография в конце глав. 
610 1 |a вторичное квантование 
610 1 |a производящие функционалы 
610 1 |a квадратичные операторы 
610 1 |a континуальные интегралы 
610 1 |a операторы 
610 1 |a выпуклые функции 
610 1 |a модели типа Гросса-Невё 
675 |a 530.145.6  |v 3 
700 1 |a Березин  |b Ф. А.  |g Феликс Александрович 
702 1 |a Поливанов  |b М. К.  |4 340 
801 1 |a RU  |b 63413507  |c 20071203  |g PSBO 
801 2 |a RU  |b 63413507  |c 20080618  |g PSBO 
942 |c BK